Normal view MARC view
  • Invertebrate Fossils

Entry Topical Term

Number of records used in: 8

001 - CONTROL NUMBER

  • control field: 2437

003 - CONTROL NUMBER IDENTIFIER

  • control field: NUST

005 - DATE AND TIME OF LATEST TRANSACTION

  • control field: 20170612112036.0

008 - FIXED-LENGTH DATA ELEMENTS

  • fixed length control field: 170612|| aca||aabn | a|a d

040 ## - CATALOGING SOURCE

  • Original cataloging agency: NUST
  • Transcribing agency: NUST

150 ## - HEADING--TOPICAL TERM

  • Topical term or geographic name entry element: Invertebrate Fossils

670 ## - SOURCE DATA FOUND

  • Source citation: Work cat.: (NUST)0: Moore.C,Raymond 2436, Invertebrate Fossils, 1997
© 2023 Central Library, National University of Sciences and Technology. All Rights Reserved.